000
00337nam a2200133Ia 4500
008
240624s9999 xx 000 0 und d
041
_a
eng
082
_a
658.472 ACH
100
_a
ACHARYA SEEMA
245
_a
BIG DATA AND ANALYTICS
260
_c
2015
_a
New Delhi
_b
Wiley India
300
_a
xxii, : 334 : p. : cm. ; 26
365
_c
RS
_b
33
999
_c
24715
_d
24715